00679nam a22001457a 4500008004100000020003000041050001600071100002000087245008700107260004200194300005000236505019700286650002900483700002100512120203t xxu||||| |||| 00| 0 eng d a007282932X 9780072829327  aHD58.7.K621 aKinicki, Angelo aOrganizational behavior : key concepts, skills & best practices /cAngelo, Kinicki aBoston : b McGraw-Hill/Irwin,c2006. axxviii, 460 p. :b ill. (some col.) ;c26cm.  aContents: Managing people in a global economy -- Managing individuals -- Making decisions and managing social processes -- Managing organizational processes -- Managing evolving organizations. aOrganizational behavior. aKreitner, Robert